Ricostruisci la Carriera del Calciatore - Josip Brekalo - Statistics

Statistiche generali
  • Questo quiz è stato fatto 3 volte
  • Il punteggio medio è 5 su 8
Statistiche sulle risposte
Hint Risposta % Corretto
2023-2024 Fiorentina
100%
2021-2022 Torino
100%
2015-2016 Dinamo Zagabria
50%
2024- Hajduk Spalato
50%
2017-2018 Stoccarda
50%
2016-2017 Wolfsburg
50%
2022-2023 Wolfsburg
50%
2018-2021 Wolfsburg
0%
Nessun quiz corrispondente trovato
Distribuzione punteggi
Percentuale di utenti per punteggio
Percentile per numero di risposta
I tuoi punteggi nel tempo
Non hai fatto questo quiz